03872nam a2200289 a 4500003000500000005001700005007000300022008004100025020001500066040002300081050002300104082002400127100003600151245012400187250002100311264008000332300003500412336002700447337002700474338002800501504003300529505200900562520092402571650002203495650002303517700004203540CHAP20230313111655.0ta230313s2016 mx a|||f |||| 001 0 spa d a970-94-051 amxchpuacCHAPerda10aTS195.4b.O76 201600220a688.8bO76 20161 aOropeza Herrera, Silviaeautora10aManual de diseño de envases : bconsideraciones de diseño / cSilvia Oropeza Herrera y Ana Karina Sánchez Saucedo aQuinta edición aMéxico :bInstituto Mexicano de Profesionales en Envase y Embalaje,c2016 a134 páginas :bilustraciones 2rdacontentatextobtxt 2rdamediaasin mediobn 2rdacarrieravolumenbnc aBibliografía: página 133 aPrólogo -- Introducción -- Capítulo 1. Tipología -- Definiciones de envase, embalaje, empaque y accesorio -- Tipos de mercado -- Clasificación mercadológica de los productos -- Ámbito de los envases -- Capítulo 2. Diseño de envase -- Porqué compramos un producto -- Diseño propio -- Rediseño -- Diseño genérico -- Diseño de adecuaciones -- Diseño de familias de envases -- Capítulo 3. Diseño estructural -- Tipos de envases de acuerdo al ciclo de uso -- Tipos de envases de acuerdo a su forma de consumo -- Capítulo 4. Diseño gráfico -- Posibilidades para abordar el diseño de un envase -- Tipos de aplicación de imagen gráfica -- ¿Qué información lleva un envase o embalaje? -- Capítulo 5. Envases en papel -- Características del papel -- Tipos de envase y embalaje en papel -- Diseño estructural de envases en papel -- Diseño gráfico de envases en papel -- Capítulo 6. Envases en cartón -- Características del cartón -- Tipos y usos para envases de cartón -- Diseño estructural de envases de cartón -- Diseño gráfico de envases de cartón -- Características del cartón corrugado -- Tipos y usos para envases y embalajes de cartón corrugado -- Diseño estructural de cajas de cartón corrugado -- Diseño gráfico de envases de cartón corrugado -- Capítulo 7. Envases de vidrio -- Características del vidrio -- Tipos de vidrio para envases -- Diseño estructural en vidrio -- Diseño gráfico de envases de vidrio -- Capítulo 8. Envases metálicos -- Tipos de envases metálicos -- Diseño estructural de envases metálicos -- Diseño gráfico de envases metálicos -- Capítulo 9. Envases de plástico -- Tipos de envases plásticos -- Diseño estructural de envases plásticos -- Diseño gráfico de los envases plásticos -- Capítulo 10. Información de inicio -- Reunión preparatoria o briefing -- Tipo de información inicial requerida -- Bibliografía aEn la actualidad el campo de los envases y embalajes ha crecido en sus dimensiones e importancia como resultado de que el desarrollo comercial a nivel mundial exige de ellos cada día un mayor rendimiento. En proceso de desarrollo de un envase o embalaje, intervienen diferentes áreas de conocimiento, ingeniería de alimentos, química, ingeniería industrial, mercadotecnia, diseño industrial y diseño gráfico, cuya intervención se dará dependiendo del tipo de producto a contener, por lo cual se han creado especialistas en envase y embalaje. Este libro, el primero en México en este tema, plantea una serie de trilogías que tienen como finalidad agrupar la diversidad de envases y embalajes existentes, proporcionando de cada una de ellas consideraciones de diseño tanto gráfico como industrial, que sirvan a los profesionales interesados como referencia al momento de proyectar y evaluar.13aEnvasesxDiseño13aContainersxDesign1 aSánchez Saucedo, Ana Karinaeautora